00410 2200181 4500001002100000005001500021035002000036245002400056100000900080300002800089260003100117082000800148084001400156020002200170990001200192990001200204990001200216INLIS00000000000292220250911030008 a0010-09250002691 aPAI Kelas X /cSadi0 aSadi a247 hlm ;c17,5 x 25 cm aJakarta :bErlangga,c2024 a200 a200 SAD p a978-623-522-279-0 a0755311 a0755312 a0755313